Państwa BRICS - Statystyki

Ogólne statystyki
  • Ten quiz został rozwiązany 85 razy
  • Średni wynik to 5 z 5
Statystyki odpowiedzi
Państwa % Poprawnych
Rosja
100%
Chiny
95%
Indie
95%
Brazylia
93%
Republika Południowej Afryki
77%
Nie znaleziono quizów pasujących do podanych kryteriów
Rozkład punktacji
Procent ludzi z każdym wynikiem
Percentyl według liczby udzielonych odpowiedzi
Twoja historia wyników
Nie rozwiązałeś tego quizu